000 00510nam a2200193 a 4500
001 1773127631108
003 YourLibrary
005 20260310125914.0
008 260310s2006##################000#0#eng##
020 _a9781591396208
082 0 4 _a362.198178
_bSPA
100 1 _aSpar, Debora L.,
_eauthor.
245 1 0 _aThe Baby Business :
260 _bHarvard Business Press,
_c2006.
300 _a299 pages
650 0 _aBusiness & Economics.
942 _cENGLISH
040 _aYourLibrary
_beng
_cYourLibrary
999 _c617367
_d617367